000 00875nas a2200265 4500
001 BR8708702
003 BR-BrBNA
005 20231205091010.0
007 ta
008 230509b bl.|||p| |||| 00| 00por d
040 _aBR-BrBNA
_bpor
_cBiblioteca Nacional de Agricultura
041 _a(Pt)
072 _aL73
100 1 _aLazaro, N. dos S.
100 1 _aHofer, E.
100 1 _aMendonca, G.A. de
100 1 _aBritto, M. dos S.M. de
245 1 _aIsolamento e caracterizacao de Aeromonas hydrophila em um cisne (Cygnus olor)
246 1 _aIsolation and characterization of Aeromonas hydrophila in a swan (Cygnus olor)
650 _aCISNE
650 _aBACTERIA
773 0 _tRevista Brasileira de Medicina Veterinaria (Brazil)
_xISSN 0100-2430
_g(Aug-Sep 1987), v. 9(4) p. 83-85
_wBR8708702
909 _a202311
_bLúcia
_c55
_dLúcia Elande
942 _2AGRIS
_n0
_cANA
999 _c122127
_d122127